معجم لغير الناطقين باللغة العربية
محفوظ في:
| المؤلف الرئيسي: | |
|---|---|
| مؤلفون آخرون: | , |
| التنسيق: | أطروحة |
| اللغة: | Arabic |
| منشور في: |
خرطوم
: معهد خرطوم دولى غة عربية،
1980?
|
| الموضوعات: | |
| الوسوم: |
إضافة وسم
لا توجد وسوم, كن أول من يضع وسما على هذه التسجيلة!
|
| LEADER | 015620000a22003850004500 | ||
|---|---|---|---|
| 001 | 82422 | ||
| 005 | 20091201114200.0 | ||
| 008 | 940322s1980 ara | ||
| 035 | |a 305301 | ||
| 035 | |a (Sirsi) 82422 | ||
| 040 | |a UIAM |b eng | ||
| 049 | |b m | ||
| 050 | |a PJ6105 | ||
| 100 | 1 | |a عطية، يوسف هادى | |
| 245 | 1 | 0 | |a معجم لغير الناطقين باللغة العربية |
| 246 | 0 | 0 | |a Mu'jam li-ghayr al-natiqin bi-al-lughah al-'Arabiyah / |c qaddamah al-daris Yusuf Hadi 'Atiyah; ishraf Klud Limund |
| 260 | 1 | |a خرطوم |b : معهد خرطوم دولى غة عربية، |c 1980? | |
| 300 | |a 127 leaves ;34 cm. | ||
| 502 | |a (D.I.P.)--Ma'had al-Khartum al-Duwali lil-Lughat al-'Arabiyah, 1980? | ||
| 596 | |a 1 | ||
| 650 | 8 | |a مصطلحات لغة عربية | |
| 650 | 8 | |a لغة عربية |x نحو معاجم | |
| 650 | 8 | |a لغة عربية |x تأليف معاجم | |
| 650 | 8 | |a رسالة جامعية | |
| 650 | 0 | |a Arabic Language |v Dictionaries |x Grammar | |
| 650 | 0 | |a Arabic language |v Glossaries, vocabularies,etc |x Grammar | |
| 650 | 0 | |a Arabic language |v Glossaries, vocabularies, etc. | |
| 650 | 0 | |a Arabic language |x Study and teaching Foreign speakers | |
| 655 | 0 | 7 | |a Theses, non-IIUM |
| 700 | 1 | |a 'Atiyah, Yusuf Hadi | |
| 700 | 1 | |a Lemonde, Claude | |
| 710 | 1 | |a Ma'had al-Khartum al-Dawli lil-Lughah al-'Arabiyah | |
| 900 | |a checked a r r 220496-naw | ||
| 999 | |c 430501 |d 461992 | ||
| 952 | |0 0 |6 T PJ 006105 A872M |7 0 |8 THESES |9 749760 |a IIUM |b IIUM |c MULTIMEDIA |g 0.00 |o t PJ6105A872M |p 00000305306 |r 2017-10-20 |t 1 |v 0.00 |y THESIS | ||
